Normal view MARC view
  • Govinda, Rangachar,

Entry Nombre Personal

Number of records used in: 6

001 - NUMERO DE CONTROL

  • campo de control: 35736

003 - IDENTIFICADOR DE NUMERO DE CONTROL

  • campo de control: MX-MxUPN

005 - FECHA Y HORA DE LA ÜLTIMA TRANSACCIÓN

  • campo de control: 20240619160331.0

008 - DATOS DE LONGITUD FIJA

  • campo de control de longitud fija: 240619nn acnnnaabn b aaa |d

035 ## - NUMERO DE CONTROL

  • Número de control: UPN11000007843

040 ## - FUENTE DE CATALOGACIÓN

  • Lenguaje de catalogación: SPA
  • Agencia de transcripción: UPN
  • Agencia original de catalogación: MX-MxUPN

100 1# - ENCABEZAMIENTO - NOMBRE PERSONAL

  • Nombre personal: Govinda, Rangachar,
  • Fechas asociadas con el nombre: 1947-

400 1# - VEÁSE - NOMBRE DE PERSONA

  • Personal name: Govinda, R.,
  • Dates associated with a name: 1947-

670 ## - FUENTE EN LA QUE SE LOCALIZARON DATOS

  • Cita de la fuente: LC/P

670 ## - FUENTE EN LA QUE SE LOCALIZARON DATOS

  • Cita de la fuente: Towards inclusive schools and enhanced learning, 2009 :
  • Información localizada: portada (R. Govinda)

680 ## - NOTA PUBLICA DE ACCESO PÚBLICO

  • Frase explicativa de la referencia: Profesora hindú

902 ## - CATALOGADOR

  • Catalogador: CAA/040914
  • Catalogador: VíctorGodínez/190624